| Tag |
First Indicator |
Second Indicator |
Subfields |
| LEADER |
00000cam a22000001i 4500 |
| 001 |
in00004108721 |
| 005 |
20200117084246.0 |
| 006 |
m d f |
| 007 |
cr bn mmmapmmp |
| 008 |
091130s1963 dcu o f000 0 eng d |
| 035 |
|
|
|a cis2007524126
|
| 040 |
|
|
|a UMI
|b eng
|e rda
|c UMI
|d UtOrBLW
|
| 110 |
1 |
|
|a United States.
|b Congress.
|b House.
|b Committee on the Judiciary,
|e issuing body.
|0 http://id.loc.gov/authorities/names/n79036854
|
| 245 |
1 |
0 |
|a [To Incorporate the National Committee on Radiation Protection and Measurements].
|
| 264 |
|
1 |
|a [Washington :
|b U.S. G.P.O.],
|c 1963.
|
| 300 |
|
|
|a 105 pages, digital, PDF file.
|
| 336 |
|
|
|a text
|2 rdacontent
|b txt
|
| 337 |
|
|
|a computer
|b c
|2 rdamedia
|
| 338 |
|
|
|a online resource
|2 rdacarrier
|b cr
|
| 500 |
|
|
|a Record is based on bibliographic data in ProQuest Congressional Hearings Digital Collection(last viewed July 2018). Reuse except for individual research requires license from ProQuest, LLC.
|
| 538 |
|
|
|a System requirements: PDF reader software.
|
| 500 |
|
|
|a Electronic resource.
|
| 650 |
|
0 |
|a Nonprofit organizations.
|0 http://id.loc.gov/authorities/subjects/sh85032985
|
| 650 |
|
0 |
|a Radiation.
|0 http://id.loc.gov/authorities/subjects/sh85110340
|
| 650 |
|
0 |
|a Standards.
|
| 710 |
1 |
|
|a United States.
|b Congress.
|b House.
|b Committee on the Judiciary.
|b Subcommittee No. 4,
|e other agent associated with work.
|0 http://id.loc.gov/authorities/names/n50080489
|
| 776 |
0 |
8 |
|a United States. Congress. House. Committee on the Judiciary.
|t [To Incorporate the National Committee on Radiation Protection and Measurements]
|o 88 HJ-T.8
|
| 730 |
0 |
|
|a ProQuest U.S. Congressional Hearings Digital Collection.
|
| 856 |
4 |
0 |
|u http://proxy.library.tamu.edu/login?url=http://congressional.proquest.com/congcomp/getdoc?HEARING-ID=HRG-1963-HJH-0085
|y Electronic resource (PDF)
|t 0
|
| 999 |
f |
f |
|s dc0972aa-9125-3f50-b3df-795f25479b05
|i 3a74a86e-2362-3941-a819-fe57660d569c
|t 0
|
| 952 |
f |
f |
|a Texas A&M University
|b College Station
|c Electronic Resources
|d Available Online
|t 0
|h No information provided
|
| 998 |
f |
f |
|t 0
|l Available Online
|